[Event "39 Open Vila de Sitges 2013"]
[Site "Sitges ESP"]
[Date "2013.07.22"]
[Round "1.3"]
[White "Vocaturo, Daniele"]
[Black "Dominguez Rueda, Juan"]
[Result "1-0"]
[WhiteElo "2536"]
[BlackElo "2112"]
[PlyCount "74"]
[EventDate "2013.07.22"]
[EventType "swiss"]
[EventRounds "9"]
[EventCountry "ESP"]
[SourceTitle "Ajedrez en Madrid"]
[Source "lmi"]
[SourceDate "2013.07.22"]

1. e4 e5 2. Nf3 Nc6 3. Bc4 Bc5 4. c3 Qe7 5. d3 d6 6. Nbd2 Nf6 7. h3 O-O 8. Nf1
Be6 9. Ng3 Bxc4 10. dxc4 Qe6 11. Qe2 Ne7 12. Nh4 Ng6 13. Nxg6 fxg6 14. f3 a5
15. a4 Rad8 16. Nf1 Nh5 17. Bg5 Rde8 18. O-O-O h6 19. Bd2 c6 20. Kb1 Rb8 21.
Qd3 b5 22. axb5 a4 23. bxc6 Nf6 24. Be3 Qc8 25. Bxc5 dxc5 26. Qd6 a3 27. b4 Qa6
28. Ne3 Qa4 29. Ka1 cxb4 30. c7 Qb3 31. Qd2 Rb7 32. Rb1 Qa4 33. Rxb4 Rxb4 34.
cxb4 Qc6 35. Nd5 Kh7 36. b5 Qa8 37. b6 Nd7 1-0

[Event "39 Open Vila de Sitges 2013"]
[Site "Sitges ESP"]
[Date "2013.07.22"]
[Round "1.4"]
[White "Villares Galiano, Jose Maria"]
[Black "Barsov, Alexei"]
[Result "0-1"]
[WhiteElo "2101"]
[BlackElo "2530"]
[PlyCount "78"]
[EventDate "2013.07.22"]
[EventType "swiss"]
[EventRounds "9"]
[EventCountry "ESP"]
[SourceTitle "Ajedrez en Madrid"]
[Source "lmi"]
[SourceDate "2013.07.22"]

1. e4 e6 2. d4 d5 3. Nc3 Bb4 4. Qd3 Ne7 5. Bd2 b6 6. exd5 exd5 7. Nf3 Ba6 8.
Qe3 Bxf1 9. Rxf1 O-O 10. O-O-O c5 11. a3 Bxc3 12. Bxc3 c4 13. Bb4 Nbc6 14. Bxe7
Nxe7 15. Rfe1 Nc6 16. Ne5 Qd6 17. Nxc6 Qxc6 18. h4 a5 19. h5 h6 20. g4 Rfe8 21.
Qd2 f6 22. Rxe8+ Rxe8 23. Re1 Kf7 24. Re3 Qd7 25. f3 Ra8 26. c3 b5 27. Qe1 Qd6
28. Qd2 Rb8 29. Qc2 b4 30. cxb4 axb4 31. axb4 Qxb4 32. Qc3 Qb6 33. f4 Qa7 34.
Kb1 Kg8 35. Qe1 Qa4 36. g5 Qd7 37. g6 Ra8 38. Re6 c3 39. bxc3 Qb5+ 0-1

[Event "39 Open Vila de Sitges 2013"]
[Site "Sitges ESP"]
[Date "2013.07.22"]
[Round "1.5"]
[White "Firman, Nazar"]
[Black "Posada, Juan Manuel"]
[Result "1-0"]
[WhiteElo "2526"]
[BlackElo "2099"]
[PlyCount "75"]
[EventDate "2013.07.22"]
[EventType "swiss"]
[EventRounds "9"]
[EventCountry "ESP"]
[SourceTitle "Ajedrez en Madrid"]
[Source "lmi"]
[SourceDate "2013.07.22"]

1. e4 c5 2. Nf3 Nc6 3. d4 cxd4 4. Nxd4 e5 5. Nb5 a6 6. Nd6+ Bxd6 7. Qxd6 Qf6 8.
Qd2 Nge7 9. Nc3 d6 10. Qg5 Qxg5 11. Bxg5 Be6 12. O-O-O Rd8 13. Nd5 Bxd5 14.
exd5 Nb8 15. a4 Nd7 16. b3 h6 17. Be3 f5 18. f3 Rc8 19. Kb2 Nf6 20. c4 Kf7 21.
a5 g5 22. Bb6 Nd7 23. h4 Ng6 24. h5 Ngf8 25. Bf2 Rg8 26. Bd3 Kf6 27. g4 e4 28.
fxe4 f4 29. e5+ Nxe5 30. Bf5 Nfd7 31. Bd4 Rcd8 32. b4 Rge8 33. Kb3 Kf7 34. c5
Nf6 35. Be6+ Rxe6 36. dxe6+ Kxe6 37. Bxe5 Kxe5 38. Rhe1+ 1-0

[Event "39 Open Vila de Sitges 2013"]
[Site "Sitges ESP"]
[Date "2013.07.22"]
[Round "1.6"]
[White "Rafols Albet, Josep"]
[Black "Movsziszian, Karen"]
[Result "0-1"]
[WhiteElo "2098"]
[BlackElo "2499"]
[PlyCount "90"]
[EventDate "2013.07.22"]
[EventType "swiss"]
[EventRounds "9"]
[EventCountry "ESP"]
[SourceTitle "Ajedrez en Madrid"]
[Source "lmi"]
[SourceDate "2013.07.22"]

1. b3 d6 2. Bb2 e5 3. e3 g6 4. Nc3 Bg7 5. Nf3 f5 6. d4 e4 7. Nd2 Nf6 8. Ne2 O-O
9. Nf4 d5 10. h4 Re8 11. Be2 c6 12. h5 g5 13. h6 Bf8 14. Nh5 Bxh6 15. g4 Nxg4
16. Bxg4 fxg4 17. Ng3 Bf8 18. Qe2 Be6 19. O-O-O Nd7 20. Rh2 Nf6 21. Rdh1 Rc8
22. Kb1 Rc7 23. Nh5 Nxh5 24. Rxh5 Rf7 25. Qe1 Bf5 26. Qg1 Qf6 27. R5h2 b5 28.
Nf1 h6 29. Ng3 Bg6 30. Qd1 Qf3 31. Qe1 Rh7 32. Qc3 Re6 33. Qa5 Qf7 34. c4 bxc4
35. bxc4 Rf6 36. Rf1 h5 37. cxd5 cxd5 38. Qd8 h4 39. Nh1 Qe6 40. Rg2 Rb7 41.
Ka1 Kg7 42. f4 exf3 43. Rgf2 Bd3 44. Rc1 Qxe3 45. Qxd5 Qxc1+ 0-1

[Event "39 Open Vila de Sitges 2013"]
[Site "Sitges ESP"]
[Date "2013.07.22"]
[Round "1.7"]
[White "Perez Mitjans, Orelvis"]
[Black "Vigo Allepuz, David"]
[Result "1-0"]
[WhiteElo "2495"]
[BlackElo "2086"]
[PlyCount "61"]
[EventDate "2013.07.22"]
[EventType "swiss"]
[EventRounds "9"]
[EventCountry "ESP"]
[SourceTitle "Ajedrez en Madrid"]
[Source "lmi"]
[SourceDate "2013.07.22"]

1. e4 e6 2. d4 d5 3. e5 c5 4. c3 Qb6 5. Nf3 Nc6 6. Bd3 Bd7 7. dxc5 Bxc5 8. O-O
a5 9. Nbd2 a4 10. b4 axb3 11. Nxb3 Ba3 12. Bd2 Nge7 13. Rb1 Qc7 14. Re1 Ng6 15.
Qe2 O-O 16. h4 Ra4 17. Nbd4 Nxd4 18. cxd4 Rfa8 19. Be3 Bb4 20. Rec1 Qa5 21. Ng5
Nf8 22. Qh5 g6 23. Qf3 Be8 24. h5 Ra3 25. h6 Nd7 26. Bxg6 fxg6 27. Nxe6 Bf7 28.
Ng5 Rf8 29. Rc8 Be6 30. Rxf8+ Nxf8 31. Qf6 1-0

[Event "39 Open Vila de Sitges 2013"]
[Site "Sitges ESP"]
[Date "2013.07.22"]
[Round "1.8"]
[White "Regue Farran, Enric"]
[Black "Hansen, Torbjorn Ringdal"]
[Result "0-1"]
[WhiteElo "2056"]
[BlackElo "2492"]
[PlyCount "86"]
[EventDate "2013.07.22"]
[EventType "swiss"]
[EventRounds "9"]
[EventCountry "ESP"]
[SourceTitle "Ajedrez en Madrid"]
[Source "lmi"]
[SourceDate "2013.07.22"]

1. e4 c5 2. Nf3 d6 3. d4 cxd4 4. Nxd4 Nf6 5. Nc3 a6 6. Bg5 e6 7. f4 Qc7 8. Qf3
b5 9. Bd3 b4 10. Nce2 Nbd7 11. O-O Bb7 12. Kh1 Be7 13. a3 bxa3 14. Rxa3 Nc5 15.
Bxf6 Bxf6 16. b4 Nxd3 17. Qxd3 O-O 18. b5 axb5 19. Rxa8 Rxa8 20. Nxb5 Qc6 21.
Ng3 Be7 22. f5 e5 23. f6 Bxf6 24. Nxd6 Ba6 25. c4 Be7 26. Ngf5 Bxd6 27. Nxd6
Rd8 28. Nf5 Qf6 29. Qg3 Bxc4 30. Re1 Be6 31. h3 h5 32. Rf1 Kh8 33. Ne3 Qh6 34.
Nf5 Bxf5 35. Rxf5 Rd1+ 36. Kh2 Qc1 37. Rxh5+ Kg8 38. Qf3 Rh1+ 39. Kg3 Rf1 40.
Qxf1 Qxf1 41. Rxe5 Qd3+ 42. Kf4 Qd6 43. Kf5 g6+ 0-1

[Event "39 Open Vila de Sitges 2013"]
[Site "Sitges ESP"]
[Date "2013.07.22"]
[Round "1.9"]
[White "Hayrapetyan, Hovik"]
[Black "Ruiz Font, Elisabet"]
[Result "1-0"]
[WhiteElo "2486"]
[BlackElo "2055"]
[PlyCount "67"]
[EventDate "2013.07.22"]
[EventType "swiss"]
[EventRounds "9"]
[EventCountry "ESP"]
[SourceTitle "Ajedrez en Madrid"]
[Source "lmi"]
[SourceDate "2013.07.22"]

1. d4 Nf6 2. c4 g6 3. Nc3 Bg7 4. Nf3 d6 5. g3 O-O 6. Bg2 Nbd7 7. O-O e5 8. e4
a6 9. Re1 exd4 10. Nxd4 Ng4 11. Nc2 Nb6 12. Qe2 Ne5 13. Ne3 Be6 14. Ncd5 c6 15.
Nxb6 Qxb6 16. Rb1 Qd4 17. Rd1 Bxc4 18. Nxc4 Qxc4 19. Qxc4 Nxc4 20. b3 Nb6 21.
Rxd6 Rad8 22. Bf4 Nc8 23. Rdd1 Rd4 24. Be3 Rdd8 25. f4 Bf6 26. Bh3 Rfe8 27. e5
Bg7 28. Bd7 Re7 29. Bxc6 Rxd1+ 30. Rxd1 Bf8 31. Rd8 Rc7 32. Bxb7 Rxb7 33. Rxc8
Kg7 34. Ra8 1-0

[Event "39 Open Vila de Sitges 2013"]
[Site "Sitges ESP"]
[Date "2013.07.22"]
[Round "1.11"]
[White "Munoz Pantoja, Miguel"]
[Black "Blasco Coll, Andreu"]
[Result "1-0"]
[WhiteElo "2457"]
[BlackElo "2043"]
[PlyCount "129"]
[EventDate "2013.07.22"]
[EventType "swiss"]
[EventRounds "9"]
[EventCountry "ESP"]
[SourceTitle "Ajedrez en Madrid"]
[Source "lmi"]
[SourceDate "2013.07.22"]

1. e4 c5 2. Nf3 e6 3. c4 Nc6 4. d4 cxd4 5. Nxd4 Nf6 6. Nc3 Bb4 7. Nc2 Bxc3+ 8.
bxc3 Nxe4 9. Qg4 f5 10. Qxg7 Qf6 11. Qxf6 Nxf6 12. f3 b6 13. Na3 Ba6 14. Nb5
Bxb5 15. cxb5 Na5 16. Bg5 Rf8 17. c4 Rc8 18. Rc1 Nb7 19. Be2 Nc5 20. O-O Rf7
21. Rfd1 Kf8 22. Rc3 Kg7 23. Ra3 Ra8 24. Bf4 d5 25. cxd5 Nxd5 26. Be5+ Kg8 27.
Bc4 Rd7 28. Rd4 Rad8 29. Bf1 Ne7 30. Rxa7 Rxd4 31. Bxd4 Rxd4 32. Rxe7 Rd7 33.
Re8+ Kf7 34. Rc8 Ke7 35. Rb8 Rb7 36. Rc8 Rd7 37. Rb8 Rb7 38. Ra8 Kd6 39. Bc4
Rc7 40. Re8 Re7 41. Ra8 Nb7 42. Rc8 Na5 43. Bb3 Kd7 44. Rc3 Kd6 45. Kf2 Rg7 46.
Rd3+ Ke7 47. Re3 Rg6 48. a4 Kd6 49. Ba2 Rh6 50. h3 f4 51. Re2 Rg6 52. Re4 e5
53. Re2 Rg5 54. Rc2 h6 55. Rc3 Rf5 56. Rc8 Kd7 57. Rb8 Rf6 58. Ke2 Kc7 59. Re8
Kd6 60. Rd8+ Kc7 61. Rd5 Rg6 62. Kf1 Rg5 63. Kf2 Nb7 64. Bb1 Nc5 65. a5 1-0

[Event "39 Open Vila de Sitges 2013"]
[Site "Sitges ESP"]
[Date "2013.07.23"]
[Round "2.1"]
[White "Grigoryan, Karen H"]
[Black "Montilla Carrillo, Esteban"]
[Result "1-0"]
[WhiteElo "2550"]
[BlackElo "2261"]
[PlyCount "74"]
[EventDate "2013.07.22"]
[EventType "swiss"]
[EventRounds "9"]
[EventCountry "ESP"]
[SourceTitle "Ajedrez en Madrid"]
[Source "lmi"]
[SourceDate "2013.07.22"]

1. d4 Nf6 2. c4 e6 3. Nc3 Bb4 4. f3 c5 5. d5 b5 6. e4 bxc4 7. Bxc4 Nxd5 8. Bxd5
exd5 9. Qxd5 Nc6 10. Nge2 Ba6 11. Kf2 Ne7 12. Qd6 Qb6 13. Rd1 Qxd6 14. Rxd6 Bb7
15. Be3 c4 16. Rd4 Nc6 17. Rdd1 Ne5 18. Nf4 O-O 19. Ncd5 Ba5 20. Bc5 Rfe8 21.
Bd6 Bd8 22. Nc7 Bxc7 23. Bxc7 Bc6 24. h4 Rac8 25. Ba5 f6 26. Bc3 Ng6 27. Kg3
Ne7 28. Rd6 Ng6 29. Ne2 Kf7 30. Nd4 Ne7 31. Nxc6 dxc6 32. Rd7 a6 33. Rad1 Rb8
34. Ra7 Ra8 35. Rdd7 Rxa7 36. Rxa7 Rb8 37. Rxa6 Rb7 1-0

[Event "39 Open Vila de Sitges 2013"]
[Site "Sitges ESP"]
[Date "2013.07.23"]
[Round "2.2"]
[White "Lamorelle, Julien"]
[Black "Vocaturo, Daniele"]
[Result "0-1"]
[WhiteElo "2276"]
[BlackElo "2536"]
[PlyCount "134"]
[EventDate "2013.07.22"]
[EventType "swiss"]
[EventRounds "9"]
[EventCountry "ESP"]
[SourceTitle "Ajedrez en Madrid"]
[Source "lmi"]
[SourceDate "2013.07.22"]

1. e4 c5 2. Nf3 d6 3. d4 cxd4 4. Nxd4 Nf6 5. Nc3 a6 6. f4 e5 7. Nf3 Nbd7 8. a4
Qc7 9. Bd3 Be7 10. O-O O-O 11. Kh1 Nc5 12. Qe1 Re8 13. fxe5 dxe5 14. Qg3 Be6
15. Ng5 Nxd3 16. Nxe6 fxe6 17. Qxd3 Bb4 18. Bg5 Bxc3 19. bxc3 Nd7 20. Rad1 Nc5
21. Qc4 Qc6 22. Be3 Nxe4 23. Qxc6 bxc6 24. Rd7 Rf8 25. Rxf8+ Rxf8 26. g3 Rf3
27. Bb6 Rxc3 28. Ra7 Nc5 29. a5 Rxc2 30. Bxc5 Rxc5 31. Rxa6 Rc2 32. Rb6 Kf7 33.
a6 Kf6 34. a7 Ra2 35. Rxc6 Rxa7 36. Rc2 Kf5 37. Kg2 Ke4 38. Rb2 Rf7 39. Ra2 g5
40. h3 h5 41. Ra4+ Kf5 42. g4+ hxg4 43. hxg4+ Kg6 44. Ra6 Kf6 45. Kf3 Rb7 46.
Ra4 Rb3+ 47. Ke2 Rb6 48. Ke3 Rd6 49. Rb4 Rd1 50. Rb2 Ra1 51. Rg2 Ra4 52. Rf2+
Ke7 53. Rg2 Kd6 54. Rd2+ Rd4 55. Rg2 Kd5 56. Rg1 e4 57. Ra1 Ke5 58. Ra6 Rd3+
59. Ke2 Rg3 60. Kf2 Rxg4 61. Rb6 Rf4+ 62. Ke3 Rf3+ 63. Ke2 Ra3 64. Kd2 g4 65.
Rb8 Rf3 66. Ke2 g3 67. Rg8 Ra3 0-1

[Event "39 Open Vila de Sitges 2013"]
[Site "Sitges ESP"]
[Date "2013.07.23"]
[Round "2.3"]
[White "Barsov, Alexei"]
[Black "Buchenau, Frank"]
[Result "1-0"]
[WhiteElo "2530"]
[BlackElo "2259"]
[PlyCount "63"]
[EventDate "2013.07.22"]
[EventType "swiss"]
[EventRounds "9"]
[EventCountry "ESP"]
[SourceTitle "Ajedrez en Madrid"]
[Source "lmi"]
[SourceDate "2013.07.22"]

1. d4 e6 2. c4 Nf6 3. Nc3 Bb4 4. g3 c5 5. Nf3 Ne4 6. Qc2 Qa5 7. Bg2 Nxc3 8. O-O
cxd4 9. Nxd4 Nxe2+ 10. Qxe2 Nc6 11. Rd1 Qe5 12. Qxe5 Nxe5 13. Nb5 O-O 14. Bf4
f6 15. a3 Be7 16. Bxe5 fxe5 17. b4 a5 18. c5 Ra6 19. Be4 g5 20. Nd6 Bxd6 21.
Rxd6 Ra7 22. b5 a4 23. Re1 Kg7 24. Bd3 Rf3 25. Kg2 Rf7 26. Rxe5 Kf6 27. Rf5+
Kg6 28. Rxf7+ Kxf7 29. Bxh7 Ke7 30. Rb6 Kf6 31. f4 gxf4 32. gxf4 1-0

[Event "39 Open Vila de Sitges 2013"]
[Site "Sitges ESP"]
[Date "2013.07.23"]
[Round "2.4"]
[White "Uribe Arteaga, Daniel"]
[Black "Firman, Nazar"]
[Result "0-1"]
[WhiteElo "2274"]
[BlackElo "2526"]
[PlyCount "56"]
[EventDate "2013.07.22"]
[EventType "swiss"]
[EventRounds "9"]
[EventCountry "ESP"]
[SourceTitle "Ajedrez en Madrid"]
[Source "lmi"]
[SourceDate "2013.07.22"]

1. d4 Nf6 2. c4 d6 3. Nc3 e5 4. Nf3 Nbd7 5. Bg5 c6 6. e3 h6 7. Bh4 Qe7 8. Qc2
g6 9. O-O-O Bg7 10. h3 O-O 11. g4 Re8 12. Be2 Qf8 13. Kb1 a6 14. a3 b5 15. d5
cxd5 16. cxb5 axb5 17. Bxf6 Nxf6 18. Bxb5 Re7 19. Bc6 Bb7 20. Nxd5 Nxd5 21.
Bxd5 e4 22. Bxb7 Rxb7 23. Nd4 Rxa3 24. Qxe4 Qa8 25. f3 Ra1+ 26. Kc2 Rxb2+ 27.
Kd3 Qa3+ 28. Kc4 Qc5+ 0-1

[Event "39 Open Vila de Sitges 2013"]
[Site "Sitges ESP"]
[Date "2013.07.23"]
[Round "2.5"]
[White "Movsziszian, Karen"]
[Black "Avila Jimenez, Xavier"]
[Result "1/2-1/2"]
[WhiteElo "2499"]
[BlackElo "2242"]
[PlyCount "72"]
[EventDate "2013.07.22"]
[EventType "swiss"]
[EventRounds "9"]
[EventCountry "ESP"]
[SourceTitle "Ajedrez en Madrid"]
[Source "lmi"]
[SourceDate "2013.07.22"]

1. g3 d5 2. Bg2 Nf6 3. d3 Bf5 4. Nd2 e6 5. e4 Bg6 6. Qe2 Be7 7. Ngf3 O-O 8. Ne5
c5 9. Nxg6 hxg6 10. O-O Nc6 11. c3 b5 12. a3 a5 13. f4 a4 14. Nf3 Na5 15. e5
Ng4 16. h3 Nh6 17. g4 Nb3 18. Rb1 Rb8 19. Nd2 Nxc1 20. Rbxc1 b4 21. c4 bxa3 22.
bxa3 d4 23. Bc6 Rb2 24. Qd1 g5 25. f5 Qc7 26. Bg2 Qxe5 27. Re1 Qg3 28. Qf3 Bd6
29. Ne4 Qh2+ 30. Kf1 Bf4 31. Rb1 Rfb8 32. Rxb2 Rxb2 33. fxe6 fxe6 34. Re2 Rb1+
35. Re1 Rb2 36. Re2 Rb1+ 1/2-1/2

[Event "39 Open Vila de Sitges 2013"]
[Site "Sitges ESP"]
[Date "2013.07.23"]
[Round "2.6"]
[White "Capellades Subirana, Marc"]
[Black "Perez Mitjans, Orelvis"]
[Result "0-1"]
[WhiteElo "2260"]
[BlackElo "2495"]
[PlyCount "82"]
[EventDate "2013.07.22"]
[EventType "swiss"]
[EventRounds "9"]
[EventCountry "ESP"]
[SourceTitle "Ajedrez en Madrid"]
[Source "lmi"]
[SourceDate "2013.07.22"]

1. e4 e5 2. Nf3 Nc6 3. Bc4 Nf6 4. d3 Bc5 5. Nbd2 O-O 6. c3 d5 7. Bb5 a6 8. Bxc6
bxc6 9. Nxe5 dxe4 10. d4 Bd6 11. O-O Qe8 12. Ndc4 Be6 13. Na5 c5 14. Nec4 Be7
15. dxc5 Bxc5 16. Be3 Rd8 17. Bxc5 Rxd1 18. Raxd1 g6 19. Rfe1 Qa4 20. b3 Qb5
21. Bxf8 Kxf8 22. Rd8+ Kg7 23. Rd4 h5 24. h3 h4 25. Re3 g5 26. a4 Qf5 27. Nc6
g4 28. Rd2 Qg5 29. hxg4 Bxc4 30. bxc4 Nxg4 31. Rxe4 Qxd2 32. Rxg4+ Kf8 33. Rd4
Qe1+ 34. Kh2 Qxf2 35. Rg4 f5 36. Rg6 Qf4+ 37. Kh1 Kf7 38. Ne5+ Qxe5 39. Rxa6
Qe1+ 40. Kh2 Qg3+ 41. Kh1 f4 0-1

[Event "39 Open Vila de Sitges 2013"]
[Site "Sitges ESP"]
[Date "2013.07.23"]
[Round "2.8"]
[White "Canal Oliveras, Joan"]
[Black "Hayrapetyan, Hovik"]
[Result "0-1"]
[WhiteElo "2257"]
[BlackElo "2486"]
[PlyCount "48"]
[EventDate "2013.07.22"]
[EventType "swiss"]
[EventRounds "9"]
[EventCountry "ESP"]
[SourceTitle "Ajedrez en Madrid"]
[Source "lmi"]
[SourceDate "2013.07.22"]

1. e4 c5 2. d4 cxd4 3. c3 d3 4. Bxd3 Nc6 5. Nf3 d6 6. h3 g6 7. O-O Bg7 8. Be3
Nf6 9. c4 O-O 10. Nc3 b6 11. Rc1 Bb7 12. Qa4 Nd7 13. Rfd1 Nc5 14. Qa3 Nxd3 15.
Rxd3 f5 16. exf5 Rxf5 17. Nd5 Rxf3 18. gxf3 Qd7 19. Bf4 Qxh3 20. Re1 Rf8 21.
Bg3 e6 22. Nf4 Rxf4 23. Bxf4 Nd4 24. Bg3 Nc2 0-1

[Event "39 Open Vila de Sitges 2013"]
[Site "Sitges ESP"]
[Date "2013.07.23"]
[Round "2.9"]
[White "Guerrero Sierra, Juan Carlos"]
[Black "Munoz Pantoja, Miguel"]
[Result "0-1"]
[WhiteElo "2227"]
[BlackElo "2457"]
[PlyCount "101"]
[EventDate "2013.07.22"]
[EventType "swiss"]
[EventRounds "9"]
[EventCountry "ESP"]
[SourceTitle "Ajedrez en Madrid"]
[Source "lmi"]
[SourceDate "2013.07.22"]

1. e4 c5 2. Nf3 Nc6 3. d4 cxd4 4. Nxd4 e5 5. Nb5 d6 6. N1c3 a6 7. Na3 Be6 8.
Nc4 b5 9. Ne3 Nf6 10. g3 Be7 11. Bg2 Nd4 12. O-O Qc8 13. a4 b4 14. Ne2 Nxe2+
15. Qxe2 Qc6 16. f4 Rc8 17. b3 Qb6 18. f5 Bd7 19. Rd1 Bc6 20. Kf1 Qb7 21. Nd5
Nxd5 22. exd5 Bd7 23. Be4 O-O 24. g4 Rc3 25. Bd2 Rc7 26. Kg2 Rfc8 27. Ra2 a5
28. Rf1 f6 29. h4 Be8 30. Be3 Bf7 31. Rd1 Rc3 32. Bf2 Bd8 33. Rd3 Be8 34. Rxc3
Rxc3 35. Ra1 Bb6 36. Rd1 Bxf2 37. Qxf2 Qc7 38. Rd2 Qc5 39. Qxc5 Rxc5 40. Kf2
Bf7 41. g5 Kf8 42. g6 Bg8 43. h5 h6 44. Rd1 Rc3 45. Rg1 Ke7 46. Ke2 Kd7 47. Rf1
Kc7 48. Rd1 Kb6 49. Kd2 Kc5 50. Kc1 Rh3 51. Rd3 0-1

[Event "39 Open Vila de Sitges 2013"]
[Site "Sitges ESP"]
[Date "2013.07.23"]
[Round "2.10"]
[White "Arenas, David"]
[Black "Dalo, Hermes"]
[Result "1-0"]
[WhiteElo "2437"]
[BlackElo "2148"]
[PlyCount "106"]
[EventDate "2013.07.22"]
[EventType "swiss"]
[EventRounds "9"]
[EventCountry "ESP"]
[SourceTitle "Ajedrez en Madrid"]
[Source "lmi"]
[SourceDate "2013.07.22"]

1. e4 c5 2. Nf3 e6 3. d4 cxd4 4. Nxd4 Nf6 5. Nc3 d6 6. Be2 Be7 7. O-O O-O 8. f4
Nc6 9. Be3 Bd7 10. Kh1 Nxd4 11. Bxd4 Bc6 12. Bd3 Kh8 13. Qe2 Nd7 14. Rad1 e5
15. Be3 a6 16. Bc4 Qc7 17. a4 Rac8 18. Bb3 Nf6 19. fxe5 Nxe4 20. Nd5 Bxd5 21.
Bxd5 f5 22. Be6 Qxc2 23. Qf3 Rcd8 24. Bxf5 d5 25. Qh5 Nf2+ 26. Rxf2 Rxf5 27.
Rxf5 g6 28. Rf2 Qxf2 29. Qxh7+ Kxh7 30. Bxf2 Kg7 31. Bd4 Kf7 32. Rc1 Ke6 33. g3
Bg5 34. Rc7 Rd7 35. Rxd7 Kxd7 36. Kg2 Ke6 37. Kf3 Bh6 38. h4 Kf5 39. g4+ Ke6
40. Be3 Bg7 41. Bf4 Bh8 42. Ke3 b6 43. Kd4 Bg7 44. h5 gxh5 45. gxh5 Bf8 46. h6
Bc5+ 47. Kd3 Bf8 48. h7 Bg7 49. b4 Kf5 50. b5 axb5 51. axb5 Kg6 52. Kd4 Kxh7
53. Kxd5 Kg6 1-0

[Event "39 Open Vila de Sitges 2013"]
[Site "Sitges ESP"]
[Date "2013.07.24"]
[Round "3.1"]
[White "Arenas, David"]
[Black "Grigoryan, Karen H"]
[Result "1/2-1/2"]
[WhiteElo "2437"]
[BlackElo "2550"]
[PlyCount "129"]
[EventDate "2013.07.22"]
[EventType "swiss"]
[EventRounds "9"]
[EventCountry "ESP"]
[SourceTitle "Ajedrez en Madrid"]
[Source "lmi"]
[SourceDate "2013.07.22"]

1. e4 c5 2. Nf3 Nc6 3. d4 cxd4 4. Nxd4 g6 5. Nc3 Bg7 6. Be3 Nf6 7. Bc4 O-O 8.
Bb3 d6 9. f3 Bd7 10. Qd2 Nxd4 11. Bxd4 b5 12. O-O a5 13. a3 Qc7 14. Kh1 e6 15.
Rfd1 a4 16. Ba2 Rfc8 17. Rac1 Bc6 18. Qg5 Qe7 19. Ne2 e5 20. Bc3 d5 21. Bb4 Qb7
22. exd5 Bxd5 23. Bxd5 Nxd5 24. Be1 f6 25. Qd2 Nb6 26. Nc3 Rab8 27. Ne4 Nc4 28.
Qe2 Rc6 29. b3 Nxa3 30. Bb4 Bf8 31. Bxf8 Rxf8 32. Qd2 Qc7 33. bxa4 bxa4 34. Qb4
Nxc2 35. Qxa4 Kh8 36. h3 Rc8 37. Nxf6 Nd4 38. Rxc6 Qxc6 39. Qxc6 Rxc6 40. Ng4
Re6 41. Nxe5 Rxe5 42. Rxd4 Re7 43. h4 Kg7 44. Kh2 h5 45. Rd6 Re2 46. Kh3 Ra2
47. Rd7+ Kf6 48. Rd6+ Kg7 49. Rd3 Ra4 50. g4 hxg4+ 51. fxg4 Rb4 52. Rd7+ Kf6
53. Kg3 Rb3+ 54. Kf4 Rb4+ 55. Kf3 Rb3+ 56. Ke4 g5 57. h5 Rg3 58. Rd6+ Ke7 59.
Ra6 Rxg4+ 60. Kf5 Rb4 61. Kg6 g4 62. Kg7 Rb5 63. h6 Rg5+ 64. Rg6 Rxg6+ 65. Kxg6
1/2-1/2

[Event "39 Open Vila de Sitges 2013"]
[Site "Sitges ESP"]
[Date "2013.07.24"]
[Round "3.3"]
[White "Ynojosa, Felix Jose"]
[Black "Barsov, Alexei"]
[Result "1/2-1/2"]
[WhiteElo "2405"]
[BlackElo "2530"]
[PlyCount "34"]
[EventDate "2013.07.22"]
[EventType "swiss"]
[EventRounds "9"]
[EventCountry "ESP"]
[SourceTitle "Ajedrez en Madrid"]
[Source "lmi"]
[SourceDate "2013.07.22"]

1. e4 e6 2. d4 d5 3. exd5 exd5 4. Nf3 Nf6 5. Bd3 Bg4 6. O-O Be7 7. h3 Bh5 8.
Bf4 O-O 9. Nbd2 Nbd7 10. c3 c6 11. Re1 Re8 12. Qb3 Qb6 13. Ne5 Nxe5 14. Bxe5
Nd7 15. Qc2 Bg6 16. Bxg6 hxg6 17. Bf4 Bf8 1/2-1/2

[Event "39 Open Vila de Sitges 2013"]
[Site "Sitges ESP"]
[Date "2013.07.24"]
[Round "3.4"]
[White "Firman, Nazar"]
[Black "Pulvett, Daniel"]
[Result "0-1"]
[WhiteElo "2526"]
[BlackElo "2405"]
[PlyCount "51"]
[EventDate "2013.07.22"]
[EventType "swiss"]
[EventRounds "9"]
[EventCountry "ESP"]
[SourceTitle "Ajedrez en Madrid"]
[Source "lmi"]
[SourceDate "2013.07.22"]

1. e4 c5 2. Nf3 d6 3. d4 cxd4 4. Nxd4 Nf6 5. Nc3 a6 6. Be3 e6 7. f3 b5 8. Qd2
b4 9. Nd1 d5 10. e5 Nfd7 11. f4 Nc5 12. Nf2 a5 13. Bb5+ Bd7 14. Be2 Be7 15. O-O
O-O 16. Rac1 Na4 17. Nd3 Nc6 18. Nxc6 Bxc6 19. Bd4 Rc8 20. Rce1 Bd7 21. Rf3 Rc4
22. Nf2 Rxd4 23. Qxd4 Bc5 24. Qd2 Nxb2 25. Bd1 Bxf2+ 26. Rxf2 0-1

[Event "39 Open Vila de Sitges 2013"]
[Site "Sitges ESP"]
[Date "2013.07.24"]
[Round "3.5"]
[White "Perez Mitjans, Orelvis"]
[Black "Sequera Paolini, Jose"]
[Result "1/2-1/2"]
[WhiteElo "2495"]
[BlackElo "2394"]
[PlyCount "71"]
[EventDate "2013.07.22"]
[EventType "swiss"]
[EventRounds "9"]
[EventCountry "ESP"]
[SourceTitle "Ajedrez en Madrid"]
[Source "lmi"]
[SourceDate "2013.07.22"]

1. e4 e6 2. d4 d5 3. Nc3 Nc6 4. e5 Bd7 5. Nf3 Qe7 6. Bb5 a6 7. Be2 Nh6 8. O-O
f6 9. Bf4 Rc8 10. Re1 Nf7 11. Nxd5 exd5 12. Bxa6 bxa6 13. exf6 gxf6 14. Rxe7+
Bxe7 15. Qe2 O-O 16. Qxa6 Bd6 17. Be3 Rb8 18. b3 Rfe8 19. Qd3 Nb4 20. Qd2 Bf5
21. Ne1 Bf8 22. c3 Nc6 23. Nd3 Nd6 24. f3 Na5 25. Bf2 Nac4 26. bxc4 Nxc4 27.
Qd1 Nb2 28. Nxb2 Rxb2 29. g4 Bg6 30. a4 Ree2 31. Qf1 Bd3 32. a5 Red2 33. Qe1
Re2 34. Qf1 Red2 35. Qe1 Re2 36. Qf1 1/2-1/2

[Event "39 Open Vila de Sitges 2013"]
[Site "Sitges ESP"]
[Date "2013.07.24"]
[Round "3.6"]
[White "Fernandez Aguado, Enrique"]
[Black "Hansen, Torbjorn Ringdal"]
[Result "1-0"]
[WhiteElo "2364"]
[BlackElo "2492"]
[PlyCount "87"]
[EventDate "2013.07.22"]
[EventType "swiss"]
[EventRounds "9"]
[EventCountry "ESP"]
[SourceTitle "Ajedrez en Madrid"]
[Source "lmi"]
[SourceDate "2013.07.22"]

1. d4 Nf6 2. c4 e6 3. Nc3 Bb4 4. e3 b6 5. Bd3 Bb7 6. Nf3 O-O 7. O-O c5 8. Na4
cxd4 9. exd4 Re8 10. a3 Bf8 11. Nc3 d6 12. Bg5 Nbd7 13. Re1 h6 14. Bh4 Rc8 15.
Rc1 a6 16. b4 Rc7 17. Nd2 Qa8 18. f3 Rec8 19. Bf2 g6 20. Nb3 Nh5 21. Bf1 Ng7
22. d5 e5 23. Na4 Rxc4 24. Rxc4 Rxc4 25. Bxc4 b5 26. Na5 bxc4 27. Nxc4 Nf5 28.
Nab6 Nxb6 29. Nxb6 Qd8 30. a4 h5 31. a5 h4 32. Qd3 Bh6 33. b5 axb5 34. Qxb5 Bd2
35. Re4 Qg5 36. a6 Ne3 37. g3 hxg3 38. hxg3 Qf5 39. Qe8+ Kg7 40. Nd7 g5 41.
Nxe5 Bxd5 42. g4 Nxg4 43. Nxg4 Qxf3 44. Bd4+ 1-0

[Event "39 Open Vila de Sitges 2013"]
[Site "Sitges ESP"]
[Date "2013.07.24"]
[Round "3.8"]
[White "Munoz Pantoja, Miguel"]
[Black "Coll Enriquez, Lluis"]
[Result "1-0"]
[WhiteElo "2457"]
[BlackElo "2201"]
[PlyCount "49"]
[EventDate "2013.07.22"]
[EventType "swiss"]
[EventRounds "9"]
[EventCountry "ESP"]
[SourceTitle "Ajedrez en Madrid"]
[Source "lmi"]
[SourceDate "2013.07.22"]

1. e4 e5 2. Nf3 d6 3. d4 Nd7 4. Bc4 c6 5. O-O Be7 6. dxe5 dxe5 7. Qe2 h6 8. Rd1
Qc7 9. Nc3 b5 10. Bb3 Ngf6 11. Nh4 a5 12. a4 b4 13. Qc4 O-O 14. Ng6 Nb6 15.
Qxc6 Qxc6 16. Nxe7+ Kh8 17. Nxc6 bxc3 18. Nxe5 Nxe4 19. Bxf7 Bf5 20. b3 Nf6 21.
Be3 Nbd7 22. Ng6+ Bxg6 23. Bxg6 Ne5 24. Bf5 Rad8 25. Bb6 1-0